| 000 | 00502nam a22001697a 4500 | ||
|---|---|---|---|
| 005 | 20231107145013.0 | ||
| 008 | 231107b |||||||| |||| 00| 0 eng d | ||
| 020 | _a040905920 X ; 0409059218 | ||
| 041 | _aAfrikaans | ||
| 082 | _a346.4 VAN | ||
| 100 |
_aVan der Merwe, CG _lAfrikaans |
||
| 245 |
_aSakereg / _cCG Van der Merwe |
||
| 260 |
_aDurban : _bButterworth, _c1979 |
||
| 300 |
_bxiii, 560 pages ; _c25,5 cm. |
||
| 650 |
_aLegal practice _bLaw |
||
| 942 |
_cBK _6ALISON_BN_VRIES |
||
| 999 |
_c392 _d392 |
||